STN EN 12629-4: 2002 (27 8713), Stroje na zhotovenie stavebných výrobkov z betónu a kremičitanu vápenatého. Bezpečnosť Časť 4 Stroje na výrobu betónových strešných škridiel

Bibliographic Details
Other Authors: Jánoška, Ivan (Translator)
Format: Book
Language:Czech
Slovak
English
PhysicalDescription:II, 14 s., IV obr., tab. 30 cm
Published: Bratislava Slovenský ústav technickej normalizácie 2002
Subjects:

MARC

LEADER 00000nam a2200000 a 4500
001 vtls001482597
003 SK-MaSNL
005 20260302040637.0
008 130607s2002 xo ka 0 cze
040 |a SNK  |b slo  |c SNK  |e AACR2 
041 1 |a slo  |a cze  |h eng 
044 |a xo  |c SK 
046 |a s  |m 2002101 (účin. ) 20110501 (zruš. ) 
072 7 |a 69  |x Stavebníctvo  |2 konspekt 
080 |a 69.057.7  |2 2011 
080 |a 006.7/8  |2 2011 
080 |a (437.6)  |2 2011 
080 |a (4)  |2 2011 
084 |a 91.220  |2 ICS 
130 0 |a STN 27 8713 (STN EN 12629-4)  |9 691193 
245 1 |a STN EN 12629-4: 2002 (27 8713), Stroje na zhotovenie stavebných výrobkov z betónu a kremičitanu vápenatého. Bezpečnosť  |n Časť 4  |p Stroje na výrobu betónových strešných škridiel 
246 1 0 |a Stroje na zhotovenie stavebných výrobkov z betónu a kremičitanu vápenatého 
246 1 0 |a Bezpečnosť. Časť 4 
246 1 0 |a Stroje na výrobu betónových strešných škridiel 
246 3 0 |a idt EN 12629-4:2001 
260 |a Bratislava  |b Slovenský ústav technickej normalizácie  |c 2002 
300 |a II, 14 s., IV  |b obr., tab.  |c 30 cm 
500 |a Táto národná norma je identická s EN 12629-4: 2001 
500 |a Norma je nahradená normou STN EN 12629-4+A1 z mája 2011 v celom rozsahu 
500 |a Spracovateľ: Ivan Jánoška 
650 0 7 |a technické normy a štandarty  |z Slovensko  |2 SNKPH  |9 292187 
650 0 7 |a technické norma a štandarty  |z krajiny Európskej únie  |2 SNKPH  |9 292188 
650 0 7 |a stavebné stroje  |2 SNKPH  |9 67895 
650 0 7 |a Building machines  |2 SNKPHeng  |9 303933 
655 7 |a normy  |2 SNKPHeng  |9 70643 
700 1 |a Jánoška, Ivan  |4 trl  |9 314269 
710 1 |a Slovensko.  |b Úrad pre normalizáciu, metrológiu a skúšobníctvo  |4 stn  |9 158117 
710 2 |a Slovenský ústav technickej normalizácie  |4 stn  |9 32706 
852 |a Štátna vedecká knižnica v Banskej Bystrici 
999 |c 1075563  |d 1077493 
952 |t P60, <03>, [BOOK], {603}  |a SNK  |b SNK  |y PREZ  |7 0  |p 17A0444373  |o snkSTN EN 12629-4  |i snkN 4364/2004  |0 0  |1 0  |4 0  |d 2004-09-28  |l 0  |r 2005-01-02 00:00:00  |w 2026-02-24 
952 |a SNK  |b SNK  |y PREZ  |7 0  |p 17A0444374  |o snkSTN EN 12629-4 D1  |i snkN 4365/2004  |0 0  |1 0  |4 0  |d 2004-09-28  |l 0  |r 2005-01-02 00:00:00  |w 2026-02-24